Southville International School and Colleges
Your cart is empty.
  • Cart
  • Lists
    Public lists Eva Luna New books Lux_list list_1
    Your lists Log in to create your own lists
  • Log in to your account
  • Your cookies
  • Search history
Southville International School and Colleges
  • Advanced search
  • Recent comments
  • Most popular
  • Libraries

Log in to your account

Log in with GOOGLE


If you do not have an external account, but do have a local account, you can still log in:

  1. Home
  2. MARC view: Dr. Seuss and philosophy :
Normal view MARC view ISBD view

Dr. Seuss and philosophy : (Record no. 39450)

[ view plain ]
MARC details
000 -LEADER
fixed length control field 00559nam a2200169 a 4500
005 - DATE AND TIME OF LATEST TRANSACTION
control field 20140311163018.0
008 - FIXED-LENGTH DATA ELEMENTS--GENERAL INFORMATION
fixed length control field 120912s19uu xx 00 eng d
020 ## - INTERNATIONAL STANDARD BOOK NUMBER
International Standard Book Number 9781442203112
050 ## - LIBRARY OF CONGRESS CALL NUMBER
Classification number PS 3513
Item number .E2Z65 2011
245 ## - TITLE STATEMENT
Title Dr. Seuss and philosophy :
Remainder of title oh, the thinks you can think /
Statement of responsibility, etc edited by Jacob M. Held.
260 ## - PUBLICATION, DISTRIBUTION, ETC. (IMPRINT)
Place of publication, distribution, etc Maryland :
Name of publisher, distributor, etc Rowman & Littlefield Pub. Inc,
Date of publication, distribution, etc 2011.
300 ## - PHYSICAL DESCRIPTION
Extent xxii, 260 p. :
Dimensions 24 cm.
650 ## - SUBJECT ADDED ENTRY--TOPICAL TERM
Topical term or geographic name as entry element Seuss, Dr.
General subdivision criticism and interpretations
650 ## - SUBJECT ADDED ENTRY--TOPICAL TERM
Topical term or geographic name as entry element Literature
General subdivision philosophy
942 ## - ADDED ENTRY ELEMENTS (KOHA)
Koha item type Books
Source of classification or shelving scheme Library of Congress Classification
Call number prefix Foreign
Holdings
Withdrawn status Lost status Source of classification or shelving scheme Damaged status Home library Current library Shelving location Date acquired Source of acquisition Cost, normal purchase price Total Checkouts Total Renewals Full call number Barcode Date last seen Date checked out Copy number Price effective from Koha item type
    Library of Congress Classification   Archives Archives   09/12/2012 Donation 1194.00 4 16 PS 3513.E2 .Z65 2011 C15822 10/19/2016 10/04/2016 1 10/10/2013 Books

Dr. Seuss and philosophy :

APA

(2011). Dr. Seuss and philosophy. Maryland: Rowman & Littlefield Pub. Inc.

Chicago

2011. Dr. Seuss and philosophy. Maryland: Rowman & Littlefield Pub. Inc.

Harvard

(2011). Dr. Seuss and philosophy. Maryland: Rowman & Littlefield Pub. Inc.

MLA

Dr. Seuss and philosophy. Maryland: Rowman & Littlefield Pub. Inc. 2011.

  • Place hold
  • Print
  • Cite
  • Add to your cart (remove)
  • Save record
    BIBTEX Dublin Core MARCXML MARC (non-Unicode/MARC-8) MARC (Unicode/UTF-8) MARC (Unicode/UTF-8, Standard) MODS (XML) RIS
  • More searches
    Search for this title in:
    Other Libraries (WorldCat) Other Databases (Google Scholar) Online Stores (Bookfinder.com) Open Library (openlibrary.org)

Exporting to Dublin Core...

SOUTHVILLE LIBRARY

Southville International School and Colleges Library

1281 Tropical Ave. Cor. Luxembourg St., BF Homes International, Las Pinas City

Tel. No. 8256374 / 252358 Loc. 117/146

Powered by Koha